000 00787nam a2200217Ia 4500
003 GCL
008 140319s9999 xx 000 0 ara d
040 _aGCL /
_cGCL
082 0 4 _a833.01
_bط ل
100 1 _aطارق حيدر العانى
245 1 0 _aليليه فى فندق وقصص اخرى من الادب الالمانى /
_cطارق حيدر العانى
260 _aالعراق :
_bدار الشئون الثقافية ،
_c1989
300 _a128 ص ؛
_c19 سم
490 _aالمائة كتاب
_v0
650 0 4 _aالادب
650 0 4 _aالادب الالمانى
650 0 4 _aالقصص العبرية المترجمة
650 0 4 _aالادب الالمانى المترجم
650 0 4 _aالقصص العالمية المترجمة
942 _2ddc
_cBK
999 _c42255
_d42255